<?xml version="1.0" encoding="UTF-8"?>
<record
    xmlns:xsi="http://www.w3.org/2001/XMLSchema-instance"
    xsi:schemaLocation="http://www.loc.gov/MARC21/slim http://www.loc.gov/standards/marcxml/schema/MARC21slim.xsd"
    xmlns="http://www.loc.gov/MARC21/slim">

  <leader>01548nab a22002177a 4500</leader>
  <datafield tag="999" ind1=" " ind2=" ">
    <subfield code="c">5923</subfield>
    <subfield code="d">5923</subfield>
  </datafield>
  <controlfield tag="003">OSt</controlfield>
  <controlfield tag="005">20260114010102.0</controlfield>
  <controlfield tag="008">190605e        xxu||||| |||| 00| 0 spa d</controlfield>
  <datafield tag="040" ind1=" " ind2=" ">
    <subfield code="c">PJ</subfield>
  </datafield>
  <datafield tag="100" ind1=" " ind2=" ">
    <subfield code="9">6374</subfield>
    <subfield code="a">Garc&#xED;a Huidobro, Victoria</subfield>
  </datafield>
  <datafield tag="245" ind1="1" ind2="3">
    <subfield code="a">El salario del trabajador rural en el r&#xE9;gimen de la ley 26.727. Competencia de la Comisi&#xF3;n Nacional de Trabajo Agrario /</subfield>
    <subfield code="c">Victoria Garc&#xED;a Huidobro. </subfield>
  </datafield>
  <datafield tag="260" ind1=" " ind2=" ">
    <subfield code="a">Ciudad Aut&#xF3;noma de Buenos Aires :</subfield>
    <subfield code="b">Thomson Reuters La Ley,</subfield>
    <subfield code="c">2024.</subfield>
  </datafield>
  <datafield tag="300" ind1=" " ind2=" ">
    <subfield code="a">p. 68-83</subfield>
  </datafield>
  <datafield tag="500" ind1=" " ind2=" ">
    <subfield code="a">Cita: TR LALEY AR/DOC/3003/2023.

</subfield>
  </datafield>
  <datafield tag="505" ind1=" " ind2=" ">
    <subfield code="a">Sumario: I. Antecedentes hist&#xF3;ricos.&#x2014; II. Nociones b&#xE1;sicas del R&#xE9;gimen de Trabajo Agrario, instituido por ley 26.727.&#x2014; III. S&#xED;ntesis preliminar.&#x2014; IV. La res. 230/2022 de la CNTA.&#x2014; V. La Competencia de la Comisi&#xF3;n Nacional de Trabajo Agrario.&#x2014; VI. Deliberaci&#xF3;n y buena fe negocial.&#x2014; VII. La motivaci&#xF3;n de la res. 230/2022.&#x2014; VIII. La razonabilidad de la medida.&#x2014; IX. La medida cautelar dictada en autos "Sociedad Rural Argentina Asociaci&#xF3;n Civil y otros c. Ministerio de Trabajo Empleo y Seguridad Social de la Naci&#xF3;n s/ medida cautelar" (Expte. CNT 2473/2023).&#x2014; X. Conclusi&#xF3;n.&#x2014; XI. Bibliograf&#xED;a. </subfield>
  </datafield>
  <datafield tag="505" ind1=" " ind2=" ">
    <subfield code="t">&#xBF;Te interesa el texto completo? Solicitalo al correo: koha@justierradelfuego.gov.ar</subfield>
  </datafield>
  <datafield tag="650" ind1=" " ind2="0">
    <subfield code="9">1316</subfield>
    <subfield code="a">DERECHO LABORAL</subfield>
  </datafield>
  <datafield tag="650" ind1=" " ind2="0">
    <subfield code="9">1364</subfield>
    <subfield code="a">TRABAJADORES RURALES</subfield>
  </datafield>
  <datafield tag="773" ind1="0" ind2=" ">
    <subfield code="0">2711</subfield>
    <subfield code="9">3168</subfield>
    <subfield code="d">Ciudad Aut&#xF3;noma de Buenos Aires : Thomson Reuters La Ley, 1999-2002.</subfield>
    <subfield code="t">Revista de derecho del trabajo. N&#xBA; 1 - Enero 2024</subfield>
  </datafield>
  <datafield tag="942" ind1=" " ind2=" ">
    <subfield code="2">udc</subfield>
    <subfield code="c">ANA</subfield>
  </datafield>
</record>
